01235nam a22003257a 4500003000500000005001700005008004100022010000900063011000900072035000900081040000900090090001000099100003700109245012200146260004000268300003000308502007700338590003700415590004100452590004100493590004100534590004200575650005000617650003900667901000700706942001000713949004400723999001500767952012700782CHAP20220329133559.0971013s1993 r 00010 d a8152 a9124 a8358 cCHAP aTesis00aCorona Albarrán, Mario.928097 aEvaluación semicomercial de técnicas de manejo para producción de tomate de cáscara (Physalis ixocarpa, Brot) aChapingo, Méx. :bEl autor,c1993 a109 h.b: ilus. ; gráfs aTesis (Ing. Agr. Esp. en Fitotecnia) -- UACH. Departamento de Fitotecnia aALEPHb10c20130110lUCH01h1221 aBATCH-UPDb10c20130110lUCH01h1821 aBATCH-UPDb10c20130410lUCH01h1154 aBATCH-UPDb10c20130914lUCH01h1055 aCONVERSIONb10c20130109lUCH01h130614aTomate verdexCostos de producción.911380314aTomate verdexRendimiento.9113834 aBK cTESIS bBCcTESd-18543eTS1h26133i8358mDsi c8152d8152 00102local4051708TESISaBCbBCcPA_TESISd2019-12-31fTESISl0oTesisp-18543r2019-12-31 00:00:00w2019-12-31yTESIS